|
|
|
|
| LEADER |
00000nsc a2200000 a 4500 |
| 001 |
111919 |
| 005 |
20231219135442.0 |
| 008 |
014100|2005 ||||||||r|||||||||||spa|| |
| 020 |
|
|
|a 9508021993
|
| 040 |
|
|
|b spa
|
| 041 |
1 |
|
|a spa
|
| 082 |
0 |
|
|a 361.3
|
| 100 |
1 |
|
|a Chadi, Mónica Rosa.
|9 266174
|
| 245 |
|
|
|a Familias y tratamiento familiar: un desarrollo técnico-práctico
|c Mónica Rosa Chadi
|h imp
|
| 264 |
|
|
|a Buenos Aires
|b Espacio
|c 2005
|
| 300 |
|
|
|a 122 páginas:
|c 20 cm
|
| 490 |
|
|
|a Ciencias Sociales. Novedades
|
| 504 |
|
|
|a incl. ref.
|
| 505 |
0 |
|
|a Trabajo social independiente -- Terapia familiar sistémica en el tratamiento familiar -- Tratamiento familiar I -- Tratamiento familiar II -- Experiencias de casos en tratamiento familiar
|
| 520 |
3 |
|
|a La autora describe elementos técnicos y experiencias que aportan diferentes miradas a los Tratamientos Familiares, lo cual clarifica el cuidado y dedicación especial que el núcleo familiar merece como unidad donde nada más y nada menos se gesta y prolonga la vida. Basado en un enfoque que prioriza los vínculos , este libro permite abordar una posición relacional en la presencia humana hecho que es de tenacidad para los operadores que seriamente enfrentan su diaria tarea y que nos conduce a entender que el accionar profesional se constituye de conductas más amplias que el solo rigor científico, para acceder a principios que nos ligan y nos comprometen con la trascendencia de la existencia.
|
| 653 |
|
|
|a Servicio social
|
| 650 |
|
|
|a Trabajo social familiar
|9 105929
|
| 650 |
|
|
|a SERVICIO SOCIAL
|9 54519
|
| 650 |
|
|
|a Trabajo social
|9 112
|
| 650 |
|
7 |
|a Relaciones familiares
|9 2042
|
| 650 |
|
7 |
|a Terapia familiar
|9 22819
|
| 650 |
|
7 |
|a Familias
|9 107
|
| 852 |
|
|
|a UC-CDJBV
|c PRIMER PISO
|f Compra
|k maria.naula
|l 1
|m General
|p 20141002
|q 20.00
|r 2
|t 111919
|v jur
|w Derecho
|y 523932
|b 0
|d CDRC
|e CDRC
|g 361.3 PRIMER PISO
|z 2014-41-00
|
| 856 |
|
|
|a http://sibuc.ucuenca.edu.ec/portada/111919.jpg
|
| 942 |
|
|
|0 2
|
| 999 |
|
|
|c 134924
|d 134924
|